Normal view MARC view
  • Barnouw, Victor

Entry Nombre Personal

Number of records used in: 1

001 - NUMERO DE CONTROL

  • campo de control: 52981

003 - IDENTIFICADOR DE NUMERO DE CONTROL

  • campo de control: DLC

005 - FECHA Y HORA DE LA ÜLTIMA TRANSACCIÓN

  • campo de control: 20240809133138.0

008 - DATOS DE LONGITUD FIJA

  • campo de control de longitud fija: 790918n| acannaabn |n aaa

010 ## - NÚMERO DE CONTROL DE LA BIBLIOTECA DEL CONGRESO

  • Número de control LC: n 79081921

035 ## - NUMERO DE CONTROL

  • Número de control: (OCoLC)oca00314449

040 ## - FUENTE DE CATALOGACIÓN

  • Agencia original de catalogación: DLC
  • Lenguaje de catalogación: spa
  • Agencia de transcripción: DLC
  • Agencia que lo modifica: OCoLC
  • Agencia que lo modifica: MX-MxUPN

100 1# - ENCABEZAMIENTO - NOMBRE PERSONAL

  • Nombre personal: Barnouw, Victor

670 ## - FUENTE EN LA QUE SE LOCALIZARON DATOS

  • Cita de la fuente: His Acculturation and personality among the Wisconsin Chippewa, 1950.

670 ## - FUENTE EN LA QUE SE LOCALIZARON DATOS

  • Cita de la fuente: Cultura y personalidad, 1967:
  • Información localizada: portada (Victor Barnouw)

902 ## - CATALOGADOR

  • Catalogador: Víctor Ruiz/090824